000 00434nam a22001817a 4500
003 MPLRDC
005 20220104143214.0
008 210129b ||||| |||| 00| 0 eng d
082 _a427.42 HZH
100 _a洪志华编著
245 _a闲话咖啡
_c
250 _a初版
260 _a
_b韬略出版有限公司
_c1992
300 _b
490 _a饮食系列. 4
650 _a饮料--咖啡
942 _cBK
_o427.42 HZH
999 _c37643
_d37633